• 首页
  • 本馆介绍
  • 公告通知
  • 最新文献
  • 馆藏检索
  • 电子资源
  • 读者导购
  • 参考咨询
  • 我的图书馆
  • 登录
  • 详细信息显示
  • 放入我的书架
  • 预约/预借图书
  • 作者相关作品
  • 分类相关作品
  • 丛书相关作品
  • 出版社相关作品

书目信息

  • 表格格式
  • 工作单格式
  • 卡片格式
题名:
赢在性格
    
 
作者: 吴邦正 编著
分册:  
出版信息: 南京   南京出版社  2016
页数: 245页
开本: 24cm
丛书名:
单 册:
中图分类: B848.6-49
科图分类:
主题词: 性格--通俗读物
电子资源:
ISBN: 978-7-5533-1626-0
000 01092nam0 2200265 450
001 012001000779
005 20140920091302.0
010    @a978-7-5533-1626-0@dCNY29.80
100    @a20170802d2016 em y0chiy50 ea
101 0  @achi
102    @aCN@b320000
105    @ay z 000yy
106    @ar
200 1  @a赢在性格@9Ying Zai Xing Ge@dWin in character@e别让性格害了你@zeng@f吴邦正编著
210    @a南京@c南京出版社@d2016
215    @a245页@d24cm
314    @a吴邦正,文史类书稿编辑,资深撰稿人,著名家庭教育专家。长期以来致力于亲子沟通的实践,独创的“养成教育”教育理念,带给了充满焦虑与迷茫的父母们一股清新丰盈的教养之风,引领着万干父母走上芳菲满目的亲子花径,并活出了自己生命的绽放。
330    @a本书从自信、交际、人脉、虚心、勤奋、乐观、宽容、从容、圆融、守信、专注这是一个方面揭开性格密码,发现成功的奥秘。
510 1  @aWin in character@zeng
517 1  @a别让性格害了你@9Bie Rang Xing Ge Hai Le Ni
606 0  @a性格@j通俗读物
690    @aB848.6-49@v5
701  0 @a吴邦正@9Wu Bang Zheng@4编著
801  0 @aCN@b上海新华@c20180901
905    @b1042230-34@dB848.6-49@e2611@f5
    
    赢在性格=Win in character:别让性格害了你/吴邦正编著.-南京:南京出版社,2016
    245页;24cm
    
    
    ISBN 978-7-5533-1626-0:CNY29.80
    本书从自信、交际、人脉、虚心、勤奋、乐观、宽容、从容、圆融、守信、专注这是一个方面揭开性格密码,发现成功的奥秘。
●
相关链接 在E读中查询图书 在五车中查询图书 在当当中查询图书 在豆瓣中查询图书


正题名:赢在性格     索取号:B848.6-49/2611         预约/预借

序号 登录号 条形码 馆藏地/架位号 状态 备注
1 1042230   210422309   第一样本阅览室/ [索取号:B848.6-49/2611] 在馆    
2 1042231   210422318   第一借阅区/ [索取号:B848.6-49/2611] 在馆    
3 1042232   210422327   第一借阅区/ [索取号:B848.6-49/2611] 在馆    
4 1042233   210422336   第一借阅区/ [索取号:B848.6-49/2611] 在馆    
5 1042234   210422345   第一借阅区/ [索取号:B848.6-49/2611] 在馆    
唐山师范学院图书馆 欢迎您!
大连网信软件有限公司© 版权所有